000 00405cam a2200181 4500
001 D12742
008 090401t1914 xxu||||| |||| 00| 0 eng d
035 _a(Sirsi) u5416
041 _aeng
100 _aFletcher, Banister
245 4 _aThe London Building Acts
250 _a5th
260 _aLondon
_bB T Batsford
_c1914
350 _a0
520 _aShelf 115
942 _n0
948 _c04/03/1997
999 _c86176
_d86176